[Event "Civil Service Ch 11th"]
[Site "Leeds"]
[Date "2001.07.26"]
[Round "3"]
[White "Maxwell, Alistair"]
[Black "Baker, Martin"]
[Result "1/2-1/2"]
[WhiteElo "1952"]
[BlackElo "1736"]
[PlyCount "37"]
[EventDate "2001.07.25"]
[EventType "swiss"]
[EventRounds "5"]
[EventCountry "ENG"]
[SourceTitle "BritBase"]
[Source "John Saunders"]
[SourceDate "2024.12.03"]
[SourceVersion "1"]
[SourceVersionDate "2024.12.03"]
[SourceQuality "1"]

1. e4 e6 2. d4 d5 3. Nd2 Nf6 4. Bd3 c5 5. c3 cxd4 6. cxd4 Nc6 7. e5 Nd7 8. Ne2 Nb6 9. O-O Bd7 10. Nf3 Nb4 11. Bb1 Bb5 12. Re1 Bxe2 13. Qxe2 Rc8 14. a3 Nc6 15. Bd3 Be7 16. Bd2 Na4 17. b3 Nb6 18. Rec1 a6 19. h3 1/2-1/2

[Event "Civil Service Ch 11th"]
[Site "Leeds"]
[Date "2001.07.26"]
[Round "3"]
[White "Thackray, Ian M"]
[Black "Ashby, Anthony C"]
[Result "1/2-1/2"]
[WhiteElo "1736"]
[BlackElo "2032"]
[PlyCount "93"]
[EventDate "2001.07.25"]
[EventType "swiss"]
[EventRounds "5"]
[EventCountry "ENG"]
[SourceTitle "BritBase"]
[Source "John Saunders"]
[SourceDate "2024.12.03"]
[SourceVersion "1"]
[SourceVersionDate "2024.12.03"]
[SourceQuality "1"]

1. e4 e6 2. d4 d5 3. exd5 exd5 4. Nf3 Bd6 5. Nc3 c6 6. Be2 Nf6 7. Bg5 Bf5 8. O-O O-O 9. Ne5 Nbd7 10. f4 Qc7 11. Kh1 Ne4 12. Nxe4 Bxe4 13. Bd3 Nb6 14. Bxe4 dxe4 15. c4 c5 16. Ng4 f6 17. dxc5 {(=)} Bxc5 18. Bh4 e3 19. b4 Rad8 20. Qb3 Bd4 21. Nxe3 Bxe3 22. Qxe3 {(=)} Qxc4 23. a3 Rd3 24. Qe7 Rd7 25. Qe3 Rfd8 26. Rfe1 Rd3 27. Qe7 Qf7 28. Qxf7+ Kxf7 29. Bf2 Nd5 30. g3 b6 31. Red1 Nc3 32. Rxd3 Rxd3 33. a4 Ke6 34. a5 Nd5 35. axb6 axb6 36. Ra6 Kf5 37. Bxb6 Nxb4 38. Ra5+ Kg4 39. Ra7 Kf3 40. Ra1 Nd5 41. Bc5 Ne3 42. Re1 Ng4 43. Bg1 h5 44. Rf1+ Ke2 45. Ra1 Ne3 46. Bxe3 Kxe3 47. Kg2 1/2-1/2

[Event "Civil Service Ch 11th"]
[Site "Leeds"]
[Date "2001.07.27"]
[Round "4"]
[White "Baker, Martin"]
[Black "Thurlow, Kevin J"]
[Result "0-1"]
[WhiteElo "1736"]
[BlackElo "2064"]
[PlyCount "94"]
[EventDate "2001.07.25"]
[EventType "swiss"]
[EventRounds "5"]
[EventCountry "ENG"]
[SourceTitle "BritBase"]
[Source "John Saunders"]
[SourceDate "2024.12.03"]
[SourceVersion "1"]
[SourceVersionDate "2024.12.03"]
[SourceQuality "1"]

1. e4 c5 2. Nf3 e6 3. d3 Nc6 4. g3 d5 5. Nbd2 Nf6 6. Bg2 Qc7 7. O-O b6 8. Re1 Bb7 9. exd5 Nxd5 10. Ne4 O-O-O 11. Bd2 h6 12. a4 g5 13. Nc3 Bg7 14. Nxd5 exd5 15. Bc3 Bxc3 16. bxc3 d4 17. c4 Rde8 18. Qd2 Qd7 19. a5 Nxa5 20. Ne5 Qc7 21. f4 f6 22. Bh3+ Kd8 23. Ng6 Rhg8 24. Rxe8+ Rxe8 25. Re1 Qc6 26. Rxe8+ Qxe8 27. Bf5 Nxc4 28. dxc4 Qc6 29. Bd3 Qh1+ 30. Kf2 Qxh2+ 31. Ke1 Qh1+ 32. Kf2 {(=)} a5 33. fxg5 hxg5 34. Qe2 Qh2+ 35. Ke1 Qxg3+ 36. Kd2 Qg2 37. Qxg2 Bxg2 38. Bf5 Ke8 39. Nh8 Bf1 40. Be6 Ke7 41. Bd5 Bh3 42. Nf7 Be6 43. Bxe6 Kxe6 44. Nd8+ Ke5 45. Nc6+ Ke4 46. Ne7 g4 47. Nd5 Kf3 0-1

[Event "Civil Service Ch 11th"]
[Site "Leeds"]
[Date "2001.07.27"]
[Round "4"]
[White "Calvert, David Ian"]
[Black "Brusey, Alan W"]
[Result "1/2-1/2"]
[WhiteElo "1848"]
[BlackElo "2008"]
[PlyCount "38"]
[EventDate "2001.07.25"]
[EventType "swiss"]
[EventRounds "5"]
[EventCountry "ENG"]
[SourceTitle "BritBase"]
[Source "John Saunders"]
[SourceDate "2024.12.03"]
[SourceVersion "1"]
[SourceVersionDate "2024.12.03"]
[SourceQuality "1"]

1. b3 e5 2. Bb2 Nc6 3. e3 d6 4. Nf3 Nf6 5. d4 exd4 6. Nxd4 Nxd4 7. Qxd4 d5 8. Nc3 Be7 9. O-O-O c6 10. e4 dxe4 11. Qe5 Qb6 12. Nxe4 Be6 13. Nd6+ Bxd6 14. Rxd6 Qxf2 15. Rxe6+ fxe6 16. Qxe6+ Kd8 17. Qd6+ Ke8 18. Qe6+ Kd8 19. Qd6+ Ke8 1/2-1/2

[Event "Civil Service Ch 11th"]
[Site "Leeds"]
[Date "2001.07.27"]
[Round "4"]
[White "Ashby, Anthony C"]
[Black "Cameron, Phil"]
[Result "1/2-1/2"]
[WhiteElo "2032"]
[BlackElo "1736"]
[PlyCount "80"]
[EventDate "2001.07.25"]
[EventType "swiss"]
[EventRounds "5"]
[EventCountry "ENG"]
[SourceTitle "BritBase"]
[Source "John Saunders"]
[SourceDate "2024.12.03"]
[SourceVersion "1"]
[SourceVersionDate "2024.12.03"]
[SourceQuality "1"]

1. e4 c5 2. Nc3 d6 3. Nf3 Nc6 4. d4 cxd4 5. Nxd4 g6 6. Be3 Bg7 7. Be2 Nf6 8. O-O O-O 9. Nb3 a6 10. a4 Bd7 11. a5 Rc8 12. f4 h5 13. h3 Bh6 14. Qd2 Nb4 15. Bd3 Kg7 16. Rae1 Nxd3 17. cxd3 e5 18. d4 Rxc3 19. Qxc3 Nxe4 20. Qb4 exf4 21. Bxf4 Bxf4 22. Rxf4 d5 23. Qxb7 Bxh3 24. Rfxe4 dxe4 25. Qxe4 Bf5 26. Qe5+ Kh7 27. d5 Bd7 28. Nc5 Bb5 29. Ne4 Qxa5 30. Nf6+ Kh6 31. d6 Qb6+ 32. Kh2 Qd8 33. Re3 Bd7 34. Rg3 Bg4 35. Nxg4+ hxg4 36. Rxg4 f5 37. Rg3 Qf6 38. Qd5 Rd8 39. Rh3+ Kg7 40. Qb7+ Kf8 1/2-1/2

[Event "Civil Service Ch 11th"]
[Site "Leeds"]
[Date "2001.07.27"]
[Round "4"]
[White "Bowering, Charles"]
[Black "Maxwell, Alistair"]
[Result "1/2-1/2"]
[WhiteElo "1856"]
[BlackElo "1952"]
[PlyCount "32"]
[EventDate "2001.07.25"]
[EventType "swiss"]
[EventRounds "5"]
[EventCountry "ENG"]
[SourceTitle "BritBase"]
[Source "John Saunders"]
[SourceDate "2024.12.03"]
[SourceVersion "1"]
[SourceVersionDate "2024.12.03"]
[SourceQuality "1"]

1. d4 Nf6 2. Nc3 d5 3. Bg5 Nbd7 4. Nf3 e6 5. e3 Bb4 6. a3 Bxc3+ 7. bxc3 h6 8. Bh4 c5 9. c4 Qa5+ 10. Qd2 Qxd2+ 11. Nxd2 cxd4 12. exd4 O-O 13. Be2 b6 14. cxd5 exd5 15. O-O Bb7 16. Bd3 g6 1/2-1/2

[Event "Civil Service Ch 11th"]
[Site "Leeds"]
[Date "2001.07.27"]
[Round "4"]
[White "Ledger, Andrew J"]
[Black "Lewyk, Ihor"]
[Result "1-0"]
[WhiteElo "2400"]
[BlackElo "1880"]
[PlyCount "65"]
[EventDate "2001.07.25"]
[EventType "swiss"]
[EventRounds "5"]
[EventCountry "ENG"]
[SourceTitle "BritBase"]
[Source "John Saunders"]
[SourceDate "2024.12.03"]
[SourceVersion "1"]
[SourceVersionDate "2024.12.03"]
[SourceQuality "1"]

1. e4 d5 2. exd5 Nf6 3. Nf3 Nxd5 4. d4 Bf5 5. Be2 e6 6. O-O Be7 7. a3 O-O 8. c4 Nf6 9. Nc3 c6 10. h3 Qc7 11. Be3 Nbd7 12. Nh4 Bg6 13. f4 Ne8 14. Nxg6 hxg6 15. g4 g5 16. Qe1 gxf4 17. Bxf4 Bd6 18. Bxd6 Qxd6 19. Rd1 g6 20. Qh4 Kg7 21. Ne4 Qc7 22. Rd3 Qd8 23. g5 f5 24. gxf6+ Nexf6 25. Ng5 Qe7 26. Re3 e5 27. dxe5 Nh5 28. Bxh5 Rxf1+ 29. Kxf1 gxh5 30. Qxh5 Rh8 31. Qg4 Kh6 32. Rg3 Rf8+ 33. Kg2 1-0

[Event "Civil Service Ch 11th"]
[Site "Leeds"]
[Date "2001.07.27"]
[Round "4"]
[White "Pickersgill, Adrian O"]
[Black "Thackray, Ian M"]
[Result "1/2-1/2"]
[WhiteElo "1864"]
[BlackElo "1736"]
[PlyCount "123"]
[EventDate "2001.07.25"]
[EventType "swiss"]
[EventRounds "5"]
[EventCountry "ENG"]
[SourceTitle "BritBase"]
[Source "John Saunders"]
[SourceDate "2024.12.03"]
[SourceVersion "1"]
[SourceVersionDate "2024.12.03"]
[SourceQuality "1"]

1. e4 c5 2. c3 e6 3. d4 cxd4 4. cxd4 Nf6 5. Bd3 Bb4+ 6. Bd2 Nc6 7. e5 Nd5 8. Qg4 Bxd2+ 9. Nxd2 Ncb4 10. Bb1 O-O 11. Ngf3 f5 12. exf6 Nxf6 13. Qg3 d6 14. O-O e5 15. a3 Nh5 {(=)} 16. Qg5 Qxg5 17. Nxg5 h6 18. axb4 hxg5 19. dxe5 dxe5 20. Nf3 Rf4 21. Nxe5 Rxb4 22. Ba2+ Kh7 23. Bb1+ Kg8 24. Rd1 Be6 25. Rxa7 Rc8 26. Ra3 Rxb2 27. Rc3 Rxb1 28. Rxc8+ Bxc8 29. Rxb1 Nf4 30. Kf1 b5 31. g3 Nd5 32. Ke1 Ba6 33. Kd2 Nf6 34. f3 Kh7 35. Nd3 g4 36. Nc5 Bc8 37. f4 Ne8 38. Rxb5 Nd6 39. Rb4 Bf5 40. Ke3 Bc2 41. Kd2 Bf5 42. Rd4 Nb5 43. Rd5 g6 44. Ne6 Na3 45. Rd7+ Kg8 46. Re7 Nc4+ 47. Ke2 Nb6 48. Nd4 Bc8 49. Kd2 Kf8 50. Rc7 Bf5 51. Nxf5 gxf5 52. Kd3 Nd5 53. Ra7 Ne7 54. Kc4 Kf7 55. Kc5 Kf6 56. Ra6+ Kg7 57. Kd6 Kf6 58. Kd7+ Kf7 59. Rh6 Nd5 60. h4 Ne3 61. Ra6 Nf1 62. Rc6 {etc. A draw was shortly agreed.} 1/2-1/2

[Event "Civil Service Ch 11th"]
[Site "Leeds"]
[Date "2001.07.27"]
[Round "4"]
[White "Reese, Jon D"]
[Black "Wedlock, Stephen L"]
[Result "0-1"]
[WhiteElo "1536"]
[BlackElo "1792"]
[PlyCount "66"]
[EventDate "2001.07.25"]
[EventType "swiss"]
[EventRounds "5"]
[EventCountry "ENG"]
[SourceTitle "BritBase"]
[Source "John Saunders"]
[SourceDate "2024.12.03"]
[SourceVersion "1"]
[SourceVersionDate "2024.12.03"]
[SourceQuality "1"]

1. Nf3 d5 2. g3 Nc6 3. Bg2 Nf6 4. d3 e5 5. Nbd2 Bc5 6. O-O O-O 7. c4 e4 8. dxe4 dxe4 9. Ng5 e3 10. Nde4 exf2+ 11. Kh1 Qe7 12. Nxc5 Qxc5 13. Qb3 Nd4 14. Qa3 Qxc4 15. Qc3 Qxc3 16. bxc3 Nxe2 17. Ba3 Re8 18. Rxf2 h6 19. Nf3 Ng4 20. Rff1 Ne3 21. Nd4 Nxd4 22. cxd4 Nxf1 23. Rxf1 g6 24. d5 Bf5 25. d6 c6 26. Bc1 Rad8 27. Bxh6 Rxd6 28. Bf4 Rde6 29. a4 Re1 30. h3 Rxf1+ 31. Bxf1 Re1 32. Kg2 Bxh3+ 33. Kxh3 Rxf1 0-1

[Event "Civil Service Ch 11th"]
[Site "Leeds"]
[Date "2001.07.27"]
[Round "5"]
[White "Maxwell, Alistair"]
[Black "Thackray, Ian M"]
[Result "1/2-1/2"]
[WhiteElo "1952"]
[BlackElo "1736"]
[PlyCount "20"]
[EventDate "2001.07.25"]
[EventType "swiss"]
[EventRounds "5"]
[EventCountry "ENG"]
[SourceTitle "BritBase"]
[Source "John Saunders"]
[SourceDate "2024.12.03"]
[SourceVersion "1"]
[SourceVersionDate "2024.12.03"]
[SourceQuality "1"]

1. e4 c5 2. Nf3 d6 3. d4 cxd4 4. Nxd4 Nf6 5. Nc3 e6 6. Bc4 Be7 7. Be3 a6 8. Bb3 O-O 9. f4 Nc6 10. Qf3 Qc7 1/2-1/2

[Event "Civil Service Ch 11th"]
[Site "Leeds"]
[Date "2001.07.27"]
[Round "5"]
[White "Baker, Martin"]
[Black "Reese, Jon D"]
[Result "1-0"]
[WhiteElo "1736"]
[BlackElo "1536"]
[PlyCount "121"]
[EventDate "2001.07.25"]
[EventType "swiss"]
[EventRounds "5"]
[EventCountry "ENG"]
[SourceTitle "BritBase"]
[Source "John Saunders"]
[SourceDate "2024.12.03"]
[SourceVersion "1"]
[SourceVersionDate "2024.12.03"]
[SourceQuality "1"]

1. e4 e5 2. Nc3 Bc5 3. d3 d6 4. Na4 Bb6 5. Nxb6 axb6 6. g3 Ne7 7. Bg2 Nbc6 8. Ne2 O-O 9. O-O f5 10. exf5 Bxf5 11. f4 Qc8 12. fxe5 Nxe5 13. d4 Ng4 14. c4 Nc6 15. Bf4 Nb4 16. Qb3 Nd3 17. Rf3 Nxf4 18. Nxf4 Be4 19. Nd5 Bxd5 20. Rxf8+ Qxf8 21. Bxd5+ Kh8 22. Rf1 Qe7 23. Bxb7 Rf8 24. Rxf8+ Qxf8 25. Qf3 Nf6 26. Kg2 Qe8 27. Bc6 Qe1 28. Bb5 Qd2+ 29. Qf2 Qd3 30. a4 Qe4+ 31. Qf3 Qc2+ 32. Kh3 c6 33. Bxc6 Qg6 34. Bb5 Qh6+ 35. Kg2 Qd2+ 36. Qf2 Qd3 37. c5 Qe4+ 38. Qf3 Qxd4 39. Qa8+ Ng8 40. cxd6 Qd2+ 41. Kf3 Qd1+ 42. Ke3 Qg1+ 43. Kd3 Qd1+ 44. Kc3 Qc1+ 45. Kb3 Qe3+ 46. Ka2 Qe6+ 47. b3 Qxd6 48. Qc8 Qd2+ 49. Ka3 Qd6+ 50. Kb2 Qd2+ 51. Qc2 Qd4+ 52. Ka2 h5 53. Qe2 Nf6 54. Bc6 Qc5 55. Bf3 Kg8 56. Qc4+ Qxc4 57. bxc4 Kf8 58. Kb3 Ke7 59. Kb4 Kd6 60. Kb5 Nd7 61. Bxh5 1-0

[Event "Civil Service Ch 11th"]
[Site "Leeds"]
[Date "2001.07.27"]
[Round "5"]
[White "Cameron, Phil"]
[Black "Pickersgill, Adrian O"]
[Result "1/2-1/2"]
[WhiteElo "1736"]
[BlackElo "1864"]
[PlyCount "69"]
[EventDate "2001.07.25"]
[EventType "swiss"]
[EventRounds "5"]
[EventCountry "ENG"]
[SourceTitle "BritBase"]
[Source "John Saunders"]
[SourceDate "2024.12.03"]
[SourceVersion "1"]
[SourceVersionDate "2024.12.03"]
[SourceQuality "1"]

1. d4 d5 2. c4 e5 3. dxe5 d4 4. a3 Nc6 5. e3 Bf5 6. Nf3 d3 7. Nc3 Qd7 8. e4 Bg4 9. Qxd3 Qxd3 10. Bxd3 Bxf3 11. gxf3 O-O-O 12. Be2 Nxe5 13. Be3 Ne7 14. Rd1 Rxd1+ 15. Kxd1 N7c6 16. f4 Ng6 17. Kc2 Be7 18. Nd5 Re8 19. Nxe7+ Rxe7 20. f3 f5 21. e5 Nf8 22. Rg1 Ne6 23. Kc3 b6 24. h4 g6 25. b4 Rd7 26. Rd1 Rxd1 27. Bxd1 Ncd8 28. a4 c6 29. a5 Kc7 30. a6 Ng7 31. Bb3 Nde6 32. c5 b5 {(=)} 33. Kd3 Kd7 34. Bd2 h5 35. Ke3 1/2-1/2

[Event "Civil Service Ch 11th"]
[Site "Leeds"]
[Date "2001.07.27"]
[Round "5"]
[White "Ledger, Andrew J"]
[Black "Calvert, David Ian"]
[Result "1-0"]
[WhiteElo "2400"]
[BlackElo "1848"]
[PlyCount "57"]
[EventDate "2001.07.25"]
[EventType "swiss"]
[EventRounds "5"]
[EventCountry "ENG"]
[SourceTitle "BritBase"]
[Source "John Saunders"]
[SourceDate "2024.12.03"]
[SourceVersion "1"]
[SourceVersionDate "2024.12.03"]
[SourceQuality "1"]

1. e4 d5 2. exd5 Qxd5 3. Nc3 Qd8 4. Bc4 c6 5. Nf3 Bf5 6. O-O e6 7. Qe2 Nf6 8. d4 Be7 9. Bf4 O-O 10. Rad1 Nbd7 11. h3 Nb6 12. Bb3 Nfd5 13. Bg3 Nxc3 14. bxc3 a5 15. a4 Nd5 16. Qd2 b5 17. Ne5 Qc8 18. Ra1 b4 19. c4 Nc3 20. Rae1 Ne4 21. Qe3 c5 22. d5 Bd6 23. Nc6 Nxg3 24. fxg3 Re8 25. c3 exd5 26. Qxe8+ Qxe8 27. Rxe8+ Rxe8 28. Rxf5 Bxg3 29. cxd5 1-0

[Event "Civil Service Ch 11th"]
[Site "Leeds"]
[Date "2001.07.27"]
[Round "5"]
[White "Lewyk, Ihor"]
[Black "Ashby, Anthony C"]
[Result "1/2-1/2"]
[WhiteElo "1880"]
[BlackElo "2032"]
[PlyCount "67"]
[EventDate "2001.07.25"]
[EventType "swiss"]
[EventRounds "5"]
[EventCountry "ENG"]
[SourceTitle "BritBase"]
[Source "John Saunders"]
[SourceDate "2024.12.03"]
[SourceVersion "1"]
[SourceVersionDate "2024.12.03"]
[SourceQuality "1"]

1. Nc3 g6 2. d4 Bg7 3. e4 c6 4. Be3 d5 5. e5 h5 6. Nf3 Bg4 7. h3 Bxf3 8. Qxf3 e6 9. Bd3 Nd7 10. Qg3 Nf8 11. O-O Qc7 12. b4 Nh6 13. Bxh6 Bxh6 14. Na4 Nh7 15. Nc5 Qe7 16. Rab1 b6 17. Na6 O-O 18. f4 Kh8 19. Rb3 Rg8 20. a4 Nf8 21. Qf2 Nd7 22. g4 f5 23. exf6 Qxf6 24. g5 Bxg5 25. fxg5 Qxg5+ 26. Kh2 Raf8 27. Qg2 Qh4 28. Rbb1 Qxd4 29. Rxf8 Nxf8 30. Rf1 Qg7 31. Qg5 e5 32. Qf6 e4 33. Be2 Nh7 34. Qxg7+ 1/2-1/2

[Event "Civil Service Ch 11th"]
[Site "Leeds"]
[Date "2001.07.27"]
[Round "5"]
[White "Thurlow, Kevin J"]
[Black "Brusey, Alan W"]
[Result "1/2-1/2"]
[WhiteElo "2064"]
[BlackElo "2008"]
[PlyCount "52"]
[EventDate "2001.07.25"]
[EventType "swiss"]
[EventRounds "5"]
[EventCountry "ENG"]
[SourceTitle "BritBase"]
[Source "John Saunders"]
[SourceDate "2024.12.03"]
[SourceVersion "1"]
[SourceVersionDate "2024.12.03"]
[SourceQuality "1"]

1. c4 c6 2. e4 d5 3. exd5 cxd5 4. cxd5 Qxd5 5. Nc3 Qd8 6. d4 e6 7. Nf3 Nf6 8. Bd3 Nc6 9. O-O Be7 10. Bf4 Nb4 11. Bb5+ Bd7 12. Bxd7+ Nxd7 13. Nb5 O-O 14. Bc7 Qc8 15. Bg3 Qc6 16. a4 Rfc8 17. Rc1 Qxc1 18. Qxc1 Rxc1 19. Rxc1 Nd5 20. Kf1 f5 21. Bd6 Kf7 22. Ne5+ Nxe5 23. Bxe5 a6 24. Nd6+ Bxd6 25. Bxd6 Rd8 26. Be5 Rd7 1/2-1/2

[Event "Civil Service Ch 11th"]
[Site "Leeds"]
[Date "2001.07.27"]
[Round "5"]
[White "Wedlock, Stephen L"]
[Black "Boyes, David"]
[Result "1-0"]
[WhiteElo "1792"]
[BlackElo "1768"]
[PlyCount "57"]
[EventDate "2001.07.25"]
[EventType "swiss"]
[EventRounds "5"]
[EventCountry "ENG"]
[SourceTitle "BritBase"]
[Source "John Saunders"]
[SourceDate "2024.12.03"]
[SourceVersion "1"]
[SourceVersionDate "2024.12.03"]
[SourceQuality "1"]

1. e4 c5 2. Nf3 Nf6 3. Nc3 Nc6 4. d4 d5 5. exd5 Nxd5 6. Nxd5 Qxd5 7. c4 Qe4+ 8. Be3 cxd4 9. Nxd4 Bg4 10. Qa4 e5 11. Nxc6 bxc6 12. Be2 Bxe2 13. Kxe2 Rb8 14. Rhe1 Bb4 15. Rec1 Qxg2 16. a3 Bd6 17. b4 Qg4+ 18. Kf1 O-O 19. Qxc6 Be7 20. Qg2 Qh4 21. Bxa7 Ra8 22. Be3 Ra6 23. h3 Rd8 24. Qg4 Qxg4 25. hxg4 f5 26. gxf5 Rf8 27. c5 Rxf5 28. b5 Ra4 29. c6 1-0